| 000 | 00577 a2200169 4500 | ||
|---|---|---|---|
| 999 |
_c6976 _d6976 |
||
| 020 | _a817758104 | ||
| 050 | _aHB135 SYD 1995 | ||
| 100 |
_aSydsaeter, Knut _eauthor |
||
| 245 |
_aMathematics for economics analysis / _cKnut Sydsaeter & Peter J. Hammond |
||
| 264 |
_aUpper Saddle River, NJ : _bPearson Education, _c1995. |
||
| 300 |
_a982p. : _bill. |
||
| 500 | _aIncludes bibliographical references (p. 963) and index | ||
| 650 | _aEconomics, Mathematical | ||
| 650 | _aEconomics -- Mathematical models | ||
| 700 |
_aHammond, Peter J. _eauthor |
||
| 942 |
_2lcc _cBK _h135 _iSYD _kHB |
||